Kamp om rummet : en studie av heteronormativitet i Svenska kyrkan

Saved in:
நூற்பட்டியல் விவரங்கள்
தலைமை எழுத்தாளர்: Lindström, Susanne.
வடிவம்: புத்தகம்
மொழி:Swedish
வெளியீடப்பட்டது: Umeå : Instutionen. för Kultur och Medier/Etnologi, Univ. c2005.
தொகுதி:Etnologiska skrifter ; nr. 35.
பகுதிகள்:
குறியீடுகள்: குறிச்சொல் இணை
குறியீடுகள் இல்லை, இந்த குறிச்சொல்லை முதலில் பதிவு செய்யுங்கள்!
LEADER 01174cam a2200337Ka 4500
001 011982991-6
005 20111012074518.0
008 060606s2005 sw bm 000 0 swe d
020 |a 9162865293 
020 |a 9789162865290 
035 0 |a ocn162346126 
040 |a GEBAY  |e rakwb  |b ger  |c GEBAY  |d PTS 
041 0 |a swe  |b eng 
090 |a BX8074.H65  |b L56 2005 
100 1 |a Lindström, Susanne. 
245 0 0 |a Kamp om rummet :  |b en studie av heteronormativitet i Svenska kyrkan  |c Susanne Lindström 
260 |a Umeå :  |b Instutionen. för Kultur och Medier/Etnologi, Univ.  |c c2005. 
300 |a 180 p. ;  |c 21 cm. 
490 1 |a Etnologiska skrifter ;  |v 35 
504 |a Includes bibliographical references. 
546 |a Text in Swedish: abstract in English 
500 |a Published version of thesis--Umeå Universitet. 
650 0 |a Homosexuality  |x Religious aspects  |x Lutheran Church. 
650 0 |a Lutheran Church  |z Sweden  |x Clergy. 
653 0 |a Svenska Kyrkan  |a Priester  |a Homosexualität 
653 0 |a Schweden  |a Einstellung  |a Homosexualität 
773 1 8 |w (DE-MnBSB)155084 
830 0 |a Etnologiska skrifter ;  |v nr. 35. 
988 |a 20090526 
049 |a BHAA 
906 |0 OCLC